[Event "Novokuznetsk-ch"]
[Site "Novokuznetsk"]
[Date "2014.12.14"]
[Round "9"]
[White "Vorobyova, Alyona"]
[Black "Storchak, Vitalij"]
[Result "1/2-1/2"]
[WhiteElo "1984"]
[BlackElo "2092"]
[PlyCount "48"]
[EventDate "2014.11.16"]
[EventType "swiss"]
[EventRounds "9"]
[EventCountry "RUS"]
[SourceTitle "EXT 2016"]
[Source "ChessBase"]
[SourceDate "2015.10.08"]
[SourceVersion "1"]
[SourceVersionDate "2015.10.08"]
[SourceQuality "1"]

1. e4 a6 2. d4 d6 3. Nc3 e6 4. Be3 Nd7 5. Qd2 b6 6. f3 Bb7 7. Bc4 h6 8. Nge2 g6 9. Rd1 Bg7 10. 0-0 Ne7 11. Rfe1 b5 12. Bb3 Nb6 13. Nf4 d5 14. exd5 Nbxd5 15. Bf2 0-0 16. Ne4 Nxf4 17. Qxf4 Nd5 18. Qg3 Nf6 19. Nc5 Bd5 20. Bxd5 Nxd5 21. c3 Qd6 22. Qxd6 cxd6 23. Ne4 Rfd8 24. Bg3 Bf8 1/2-1/2

[Event "Novokuznetsk-ch"]
[Site "Novokuznetsk"]
[Date "2014.12.06"]
[Round "6"]
[White "Alimov, Alexander"]
[Black "Vorobyova, Alyona"]
[Result "1/2-1/2"]
[WhiteElo "1943"]
[BlackElo "1984"]
[PlyCount "59"]
[EventDate "2014.11.16"]
[EventType "swiss"]
[EventRounds "9"]
[EventCountry "RUS"]
[SourceTitle "EXT 2016"]
[Source "ChessBase"]
[SourceDate "2015.10.08"]
[SourceVersion "1"]
[SourceVersionDate "2015.10.08"]
[SourceQuality "1"]

1. f4 d5 2. Nf3 c5 3. g3 Nc6 4. Bg2 Nf6 5. d3 Bg4 6. 0-0 Bxf3 7. Bxf3 e5 8. e3 Be7 9. Nd2 0-0 10. Qe2 Re8 11. Qg2 Qd7 12. f5 Rad8 13. g4 h6 14. c3 Nh7 15. e4 Ng5 16. h4 dxe4 17. dxe4 Nh7 18. Qh2 Qd3 19. Qf2 Qb5 20. Be2 Qb6 21. Nf3 Nf6 22. g5 Nxe4 23. Qg2 Kh7 24. g6+ fxg6 25. Qxg6+ Kh8 26. Bxh6 Rg8 27. Ng5 Bxg5 28. Bxg5 Nf6 29. Bc4 Ne7 30. Qf7 1/2-1/2

[Event "Novokuznetsk-ch (Women)"]
[Site "Novokuznetsk"]
[Date "2013.09.08"]
[Round "3"]
[White "Kheyfets, Nataliya"]
[Black "Vorobyova, Alyona"]
[Result "0-1"]
[WhiteElo "1859"]
[BlackElo "1943"]
[PlyCount "68"]
[EventDate "2013.09.01"]
[EventType "swiss"]
[EventRounds "7"]
[EventCountry "RUS"]
[SourceTitle "EXT 2022"]
[Source "ChessBase"]
[SourceDate "2021.10.06"]
[SourceVersion "1"]
[SourceVersionDate "2021.10.06"]
[SourceQuality "1"]

1. e4 Nf6 2. e5 Nd5 3. d4 d6 4. c4 Nb6 5. f4 dxe5 6. fxe5 Nc6 7. Be3 Bf5 8. Nf3 Nb4 9. Na3 e6 10. Be2 Be7 11. 0-0 0-0 12. Qd2 c5 13. Rfd1 h6 14. Bf2 a6 15. dxc5 Qxd2 16. Rxd2 Na4 17. Rd7 Nc6 18. Rxb7 Bxc5 19. Rd1 Bxa3 20. bxa3 Nc3 21. Rd2 Nxe2+ 22. Rxe2 Bd3 23. Rd2 Bxc4 24. Rdd7 Rad8 25. Rxd8 Rxd8 26. Rc7 Rd1+ 27. Be1 Bd5 28. Kf2 Ra1 29. Bb4 Rxa2+ 30. Kg3 Nxb4 31. axb4 Rb2 32. Rc8+ Kh7 33. Rb8 a5 34. b5 a4 0-1

[Event "Novokuznetsk-ch"]
[Site "Novokuznetsk"]
[Date "2013.05.01"]
[Round "1"]
[White "Chernov, Mikhail"]
[Black "Vorobyova, Alyona"]
[Result "1-0"]
[WhiteElo "2212"]
[BlackElo "2001"]
[PlyCount "43"]
[EventDate "2013.05.01"]
[EventType "swiss"]
[EventRounds "9"]
[EventCountry "RUS"]
[SourceTitle "CBM 154 Extra"]
[Source "ChessBase"]
[SourceDate "2013.06.25"]
[SourceVersion "2"]
[SourceVersionDate "2013.06.25"]
[SourceQuality "1"]

1. e4 c5 2. Nf3 a6 3. c4 e6 4. Nc3 Nc6 5. Be2 Nf6 6. 0-0 Be7 7. d4 cxd4 8. Nxd4 Bb4 9. Be3 Bxc3 10. bxc3 Nxe4 11. Bd3 Nf6 12. Re1 Qc7 13. Nf5 0-0 14. Nxg7 Kxg7 15. Bh6+ Kxh6 16. Qd2+ Kh5 17. Re3 Qxh2+ 18. Kxh2 Ng4+ 19. Kh3 Nxe3 20. Qxe3 f5 21. Qg3 e5 22. Qg7 1-0

[Event "Novokuznetsk Spring op"]
[Site "Novokuznetsk"]
[Date "2013.04.20"]
[Round "6"]
[White "Leonov, A."]
[Black "Vorobyova, Alyona"]
[Result "1/2-1/2"]
[WhiteElo "2156"]
[BlackElo "2001"]
[PlyCount "70"]
[EventDate "2013.03.31"]
[EventType "swiss"]
[EventRounds "9"]
[EventCountry "RUS"]
[SourceTitle "EXT 2015"]
[Source "ChessBase"]
[SourceDate "2014.11.20"]
[SourceVersion "1"]
[SourceVersionDate "2014.11.20"]
[SourceQuality "1"]

1. e4 c5 2. b4 cxb4 3. d4 e6 4. Nf3 Nf6 5. Bd3 Be7 6. e5 Nd5 7. h4 Nc6 8. Be4 Nb6 9. a3 bxa3 10. Bxa3 d6 11. 0-0 dxe5 12. Bxc6+ bxc6 13. Nxe5 Bb7 14. Nc3 0-0 15. Ne4 Bxa3 16. Rxa3 Qxh4 17. Nc5 Qe7 18. Rh3 Rad8 19. Qh5 h6 20. c3 Rd5 21. Qg4 Rxe5 22. dxe5 Qxc5 23. Rxh6 Qxe5 24. Rh3 c5 25. Ra1 Qe4 26. Qg3 Qg6 27. Qh2 Qxg2+ 28. Qxg2 Bxg2 29. Kxg2 g6 30. Rxa7 Nd5 31. Rf3 e5 32. c4 Nf4+ 33. Kg3 Kg7 34. Re3 Kf6 35. Kg4 Rd8 1/2-1/2

[Event "Novokuznetsk Spring op"]
[Site "Novokuznetsk"]
[Date "2013.03.31"]
[Round "1"]
[White "Polozhiev, Roman"]
[Black "Vorobyova, Alyona"]
[Result "0-1"]
[WhiteElo "1821"]
[BlackElo "2001"]
[PlyCount "72"]
[EventDate "2013.03.31"]
[EventType "swiss"]
[EventRounds "9"]
[EventCountry "RUS"]
[SourceTitle "EXT 2015"]
[Source "ChessBase"]
[SourceDate "2014.11.20"]
[SourceVersion "1"]
[SourceVersionDate "2014.11.20"]
[SourceQuality "1"]

1. e4 c5 2. Nf3 Nc6 3. d4 cxd4 4. Nxd4 Qb6 5. Nb3 Nf6 6. Bd3 e6 7. 0-0 a6 8. Be3 Qc7 9. c4 h5 10. h3 d5 11. Nc3 dxc4 12. Bxc4 b5 13. Be2 Be7 14. Rc1 Bb7 15. a3 Qd7 16. Qc2 0-0 17. Rfd1 Qc8 18. Rd2 Ne5 19. Qb1 Qb8 20. Na5 b4 21. axb4 Bxb4 22. Nxb7 Qxb7 23. f4 Bxc3 24. bxc3 Qxb1 25. Rxb1 Ng6 26. e5 Nd5 27. Bf3 Nxe3 28. Bxa8 Rxa8 29. Rd3 Nxg2 30. Rd7 N2xf4 31. Rbb7 Nxe5 32. Rdc7 Nxh3+ 33. Kh2 Nf4 34. c4 a5 35. c5 Nd5 36. Ra7 Nxc7 0-1